| 000 | 00506nam a2200145Ia 4500 | ||
|---|---|---|---|
| 008 | 151213s9999 xx 000 0 und d | ||
| 100 | _aআ.ন.ম.বজলুর রশীদ। | ||
| 245 |
_aপথ বেধেঁ দিল। _cআ.ন.ম.বজলুর রশীদ। |
||
| 260 |
_aঢাকা _bআদিল ব্রাদার্স। _c1973 |
||
| 300 | _a8466 p. | ||
| 650 | _aBangla | ||
| 650 | _aBengali Literature | ||
| 700 | _aআ.ন.ম.বজলুর রশীদ। | ||
| 999 |
_c4304 _d4304 |
||